000 00390nam a2200157Ia 4500
999 _c30269
_d30269
003 OSt
005 20250602135355.0
008 250310s9999||||xx |||||||||||||| ||und||
040 _c.
082 _a843.914
_bS1291
100 _94843
_aSagan, Francoise
245 0 _aAimez-vous Brahms /
_cFrancoise Sagan
260 _aLondon:
_bJohn Murray ltd,
_c1960.
300 _a128 p.
942 _cBK
_2ddc